Capitales de Países clasificados al Mundial Rusia 2018 - Estadísticas

Estadísticas generales
  • Esta prueba ha sido intentada 2.736 veces
  • La puntuación promedio es 14 de 32
Estadísticas de respuestas
Hint Respuesta % Correcto
Rusia Moscú
88%
Brasil Brasilia
86%
Japón Tokio
71%
Argentina Buenos Aires
69%
España Madrid
67%
Francia París
65%
Colombia Bogotá
59%
Inglaterra Londres
59%
Uruguay Montevideo
59%
Alemania Berlín
58%
Perú Lima
58%
Bélgica Bruselas
47%
Portugal Lisboa
47%
Corea del Sur Seúl
47%
Egipto El Cairo
46%
Irán Teherán
46%
Costa Rica San José
44%
México México D.F.
38%
Polonia Varsovia
37%
Arabia Saudí Riad
34%
Suecia Estocolmo
30%
Panamá Ciudad de Panamá
29%
Serbia Belgrado
28%
Túnez Túnez
28%
Nigeria Abuya
27%
Dinamarca Copenhague
27%
Islandia Reikiavik
27%
Suiza Berna
26%
Croacia Zagreb
26%
Australia Canberra
25%
Senegal Dakar
25%
Marruecos Rabat
25%
No se encontraron pruebas coincidentes
Distribución de puntuación
Porcentaje de gente con cada puntuación
Porcentaje por número respondido
Historial de tus puntuaciones
No has intentado esta prueba.